00506cam a2200169 a 4500020001600000040000800016082002600024100002300050245006600073260006000139300004000199500002000239650001600259650002100275650001900296700002100315 a1570030715  cDLC00a917 USC 1996 C152 Or.1 aGutek, Gerald Lee.10aPlantations and outdoor museums in America's historic South / aColumbia :bUniversity of South Carolina Press,cc1996. avii, 423 p. :bill., maps ;c23 cm. aIncludes index. 0aPlantations 0aOpen-air museums 0aHistoric sites1 aGutek, Patricia,